| 000 | 00958nas a2200313 4500 | ||
|---|---|---|---|
| 001 | BR2015003937 | ||
| 003 | BR-BrBNA | ||
| 005 | 20231205125538.0 | ||
| 007 | ta | ||
| 008 | 230509b bl.|||p| |||| 00| 00por d | ||
| 040 |
_aBR-BrBNA _bpor _cBiblioteca Nacional de Agricultura |
||
| 041 | _a(En) | ||
| 072 | _aP10 | ||
| 100 | 1 | _aSilva, L.A. da | |
| 100 | 1 | _aSilva, A.M. da | |
| 100 | 1 | _aCoelho, G. | |
| 100 | 1 | _aMello, C.R. de | |
| 100 | 1 | _aPereira, D. dos R. | |
| 245 | 1 | _aGroundwater recharge estimate at Alto Rio Grande - MG watershed | |
| 650 | _aRECURSO HIDRICO | ||
| 650 | _aESCOAMENTO | ||
| 650 | _aAGUAS SUBTERRANEAS | ||
| 650 | _aASPECTO FISIOGRAFICO | ||
| 650 | _aDRENAGEM SUPERFICIAL | ||
| 773 | 0 |
_tEngenharia Agrícola (Brazil) _xISSN 1809-4430 _g(Nov-Dec 2012), v. 32(6) p. 1097-1108 _wBR2015003937 |
|
| 856 | 4 | 0 | _uhttp://www.scielo.br/pdf/eagri/v32n6/11.pdf |
| 909 |
_a202311 _bLúcia _c55 _dLúcia Elande |
||
| 942 |
_2AGRIS _n0 _cANA |
||
| 999 |
_c244858 _d244858 |
||